000 00328nam a22001337a 4500
008 170612b xxu||||| |||| 00| 0 eng d
020 _a9781556233418
041 _aeng
080 _a94(7/8)
100 _a19
101 _aSHH
245 _aSELF-DIRECTED WORK TEAMS. THE NEW AMERICAN CHALLENGE
_cORSBURN, J.D
942 _2udc
_cBK
999 _c17040
_d17040